| 000 | 00542nam a22001817a 4500 | ||
|---|---|---|---|
| 005 | 20240110071202.0 | ||
| 008 | 240110b |||||||| |||| 00| 0 eng d | ||
| 020 | _a9780409122497 | ||
| 041 | _aEnglish | ||
| 082 | _a347.7 AML | ||
| 100 |
_aHarms, LTC _lEnglish |
||
| 245 |
_aAmler's Precedents of Pleadings / _cLTC Harm |
||
| 250 | _aEighth Edition | ||
| 260 |
_aDurban : _bLexisnexis (Pty) Ltd, _c2015 |
||
| 300 |
_bix, 468 pages ; _c25,5 cm. |
||
| 650 |
_aLegal practice _bLaw |
||
| 942 |
_cBK _6ALISON_BN_VRIES |
||
| 999 |
_c1208 _d1208 |
||